00437nam a2200181Ia 450000500170000000800410001704000190005804100120007708200150008910000130010424500220011726000390013930000110017844000230018950400190021265000130023185000110024420230923094916.0131103s9999 xx 000 0 und d aLoreto College aEnglish a294.5bSEN aSen,K M  aHinduismcK M Sen aHarmondsworthbPenguin booksc1969 a160p.  aA Pelican original aIncludes index aHinduism aLCLIB